LEADER 01609oas 2200649 a 450 001 9910147216603321 005 20260218110853.0 035 $a(DE-599)ZDB2394283-6 035 $a(OCoLC)243599981 035 $a(CONSER) 2010267526 035 $a(CKB)1000000000294632 035 $a(DE-599)2394283-6 035 $a(EXLCZ)991000000000294632 100 $a20080812a20049999 uy b 101 0 $afre 135 $aur||||||||||| 181 $ctxt$2rdacontent 182 $cc$2rdamedia 183 $acr$2rdacarrier 200 00$aInterval(le)s 210 $aLie?ge $cCentre Interdisciplinaire de Poe?tique Applique?e 300 $aRefereed/Peer-reviewed 311 08$a1784-8180 517 3 $aIntervalles 517 3 $aIntervals 606 $aArts$vPeriodicals 606 $aHumanities$vPeriodicals 606 $aArts$2fast$3(OCoLC)fst00817721 606 $aHumanities$2fast$3(OCoLC)fst00963588 608 $aPeriodicals.$2fast 615 0$aArts 615 0$aHumanities 615 7$aArts. 615 7$aHumanities. 686 $a405$2zdbs 686 $a440$2zdbs 712 02$aCentre interdisciplinaire de poe?tique applique?e 801 0$bSFB 801 1$bSFB 801 2$bDEBBG 801 2$bJPG 801 2$bGWDNB 801 2$bOCLCQ 801 2$bGBVCP 801 2$bOCLCQ 801 2$bOCLCF 801 2$bOCLCO 801 2$bOCLCQ 801 2$bSRU 801 2$bBWN 801 2$bOCLCQ 801 2$bOCLCL 801 2$bOCLCQ 906 $aJOURNAL 912 $a9910147216603321 996 $aInterval(le)s$92196395 997 $aUNINA